000 00192 a2200097 4500
001 3111
100 _aRussell, B
245 _aAutobiography
260 _a
_bRoutledge
_c
090 _c2393
_d2393
942 _aNUST-CAE
_cM
_c15480
999 _c238184
_d238184